| 000 | 01287aam a2200445a 44500 | ||
|---|---|---|---|
| 008 | 970930s1991 cat | ||
| 017 | _aB-2361-1991 | ||
| 020 | _a8472794563 | ||
| 041 | _acat | ||
| 041 | _beng | ||
| 041 | _bfre | ||
| 041 | _bspa | ||
| 080 | _a621(038) | ||
| 100 |
_aCastellanos i Llorenç, R. _965815 |
||
| 245 |
_aDiccionari del taller mecànic _cRafael Castellanos Llorenç |
||
| 260 |
_aBarcelona _bAssociació i Col·legi d'Enginyers Industrials de Catalunya |
||
| 260 |
_bLa Llar del llibre _c1991 |
||
| 300 |
_a307 p. _c21 cm. |
||
| 490 |
_aCultura, Tècnica i Societat; _v4 |
||
| 500 | _aBibliografia: p. 14-15. Índex castellà: p. 219. Índex francès: p. 247. Índex anglès: p. 275 | ||
| 500 | _aCategoria gramatical, sinònims | ||
| 500 | _btermcat | ||
| 520 | _a2.506 | ||
| 546 | _acatalà | ||
| 591 | _a5307 | ||
| 592 | _aObra terminològica | ||
| 593 | _aIA | ||
| 594 | _a5307 | ||
| 650 |
_aenginyeria mecànica _961751 |
||
| 830 |
_aCultura, Tècnica i Societat; _v4 _961043 |
||
| 901 | _cDL <1991> | ||
| 902 | _a970930 | ||
| 942 |
_cMO _n0 _2ddc |
||
| 999 |
_c56049 _d56049 |
||